[Event "IM Marmaris Karia VIII 2019"]
[Site "Marmaris"]
[Date "2019.07.28"]
[Round "4.4"]
[White "Benidze, Davit"]
[Black "Yazici, Ugur Doga"]
[Result "1/2-1/2"]
[WhiteElo "2469"]
[BlackElo "2143"]
[Annotator "ChessBase"]
[PlyCount "135"]
[EventDate "2019.07.29"]
[EventType "schev"]
[EventCountry "TUR"]
[SourceTitle "playchess.com"]
[Source "ChessBase"]
[SourceQuality "1"]
[TimeControl "5400+30"]

1. Nf3 {[%emt 0:24:30]} Nf6 {[%emt 0:00:30]} 2. c4 {[%emt 0:00:30]} e6 {[%emt 0:00:30]} 3. g3 {[%emt 0:00:30]} d5 {[%emt 0:00:30]} 4. Bg2 {[%emt 0:00:00]} Be7 {[%emt 0:00:00]} 5. O-O {[%emt 0:00:00]} O-O {[%emt 0:00:00]} 6. d4 {[%emt 0:00:00]} dxc4 {[%emt 0:00:30]} 7. Qa4 {[%emt 0:00:00]} a6 {[%emt 0:01:30]} 8. Qxc4 {[%emt 0:00:30]} b5 {[%emt 0:00:30]} 9. Qc2 {[%emt 0:00:30]} Bb7 {[%emt 0:00:00]} 10. Bd2 {[%emt 0:02:30]} Be4 {[%emt 0:01:00]} 11. Qc1 {[%emt 0:00:30]} Bb7 {[%emt 0:00:30]} 12. Rd1 {[%emt 0:00:30]} Qc8 {[%emt 0:02:30]} 13. Bg5 {[%emt 0:07:30]} h6 {[%emt 0:02:30]} 14. Bxf6 {[%emt 0:00:00]} Bxf6 {[%emt 0:00:30]} 15. Nbd2 {[%emt 0:00:00]} Nd7 {[%emt 0:00:30]} 16. Nb3 {[%emt 0:01:30]} Bd5 {[%emt 0:02:30]} 17. Ne1 {[%emt 0:05:30]} Bxg2 {[%emt 0:04:30]} 18. Nxg2 {[%emt 0:00:00]} a5 {[%emt 0:03:30]} 19. Qc6 {[%emt 0:18:00]} a4 {[%emt 0:00:30]} 20. Nc5 {[%emt 0:00:00]} Nxc5 {[%emt 0:00:00]} 21. Qxc5 {[%emt 0:00:00]} Qb7 {[%emt 0:01:00]} 22. Nf4 {[%emt 0:04:30]} Bg5 {[%emt 0:08:30]} 23. Nd3 {[%emt 0:02:30]} Rfd8 {[%emt 0:00:30]} 24. e3 {[%emt 0:01:30]} Rd5 {[%emt 0:02:30]} 25. Qc2 {[%emt 0:02:30]} Rc8 {[%emt 0:01:30]} 26. Nb4 {[%emt 0:07:30]} Rd6 {[%emt 0:00:30]} 27. Rac1 {[%emt 0:00:30]} c5 {[%emt 0:13:30]} 28. dxc5 {[%emt 0:00:00]} Rxd1+ {[%emt 0:00:30]} 29. Qxd1 {[%emt 0:00:00]} Be7 {[%emt 0:00:30]} 30. c6 {[%emt 0:00:30]} Qa8 {[%emt 0:02:30]} 31. Nd3 {[%emt 0:07:16]} Rxc6 {[%emt 0:01:30]} 32. Ne5 {[%emt 0:00:09]} Rxc1 {[%emt 0:00:30]} 33. Qxc1 {[%emt 0:00:01]} Bf6 {[%emt 0:00:30]} 34. Nd7 {[%emt 0:00:42]} Qb7 {[%emt 0:02:30]} 35. Nc5 {[%emt 0:13:55]} Qd5 {[%emt 0:01:30]} 36. b3 {[%emt 0:01:38]} Be7 {[%emt 0:00:30]} 37. Na6 {[%emt 0:00:02]} axb3 {[%emt 0:00:30]} 38. axb3 {[%emt 0:00:02]} Qxb3 {[%emt 0:00:30]} 39. Qc8+ {[%emt 0:00:01]} Bf8 {[%emt 0:00:30]} 40. Qb7 {[%emt 0:00:03]} Qd1+ {[%emt 0:00:30]} 41. Kg2 {[%emt 0:00:03]} Qa4 {[%emt 0:00:30]} 42. Nc7 {[%emt 0:02:02]} b4 {[%emt 0:00:30]} 43. Nb5 {[%emt 0:00:04]} e5 {[%emt 0:01:30]} 44. Qb8 {[%emt 0:02:06]} f6 {[%emt 0:04:30]} 45. Qb7 {[%emt 0:00:36]} Qb3 {[%emt 0:00:30]} 46. Nc7 {[%emt 0:00:50]} Qf7 {[%emt 0:01:30]} 47. Qb6 {[%emt 0:00:04]} Qc4 {[%emt 0:00:30]} 48. Qb7 {[%emt 0:01:42]} b3 {[%emt 0:00:30]} 49. Nd5 {[%emt 0:00:22]} b2 {[%emt 0:00:30]} 50. Nxf6+ {[%emt 0:00:33]} gxf6 {[%emt 0:00:00]} 51. Qxb2 {[%emt 0:00:01]} Qe4+ {[%emt 0:01:00]} 52. Kg1 {[%emt 0:00:05]} h5 {[%emt 0:00:00]} 53. h4 {[%emt 0:00:03]} Qc4 {[%emt 0:02:00]} 54. Qd2 {[%emt 0:00:07]} Kg7 {[%emt 0:00:30]} 55. Qd7+ {[%emt 0:00:02]} Qf7 {[%emt 0:00:30]} 56. Qf5 {[%emt 0:00:03]} Kh6 {[%emt 0:02:30]} 57. Kg2 {[%emt 0:00:05]} Qg6 {[%emt 0:00:30]} 58. Qf3 {[%emt 0:00:18]} f5 {[%emt 0:00:30]} 59. Qd5 {[%emt 0:00:06]} Bd6 {[%emt 0:01:30]} 60. Qa8 {[%emt 0:00:03]} Kg7 {[%emt 0:03:30]} 61. Qb7+ {[%emt 0:00:05]} Qf7 {[%emt 0:00:30]} 62. Qc6 {[%emt 0:00:41]} Be7 {[%emt 0:01:30]} 63. Qf3 {[%emt 0:00:15]} Qg6 {[%emt 0:00:30]} 64. Qb7 {[%emt 0:00:04]} Qf6 {[%emt 0:00:30]} 65. Qf3 {[%emt 0:00:07]} Kh6 {[%emt 0:00:30]} 66. Qd5 {[%emt 0:00:08]} f4 {[%emt 0:00:30]} 67. exf4 {[%emt 0:00:05]} exf4 {[%emt 0:00:30]} 68. Qg5+ {[%emt 0:00:06]} 1/2-1/2

[Event "IM Marmaris Karia VIII 2019"]
[Site "Marmaris"]
[Date "2019.07.28"]
[Round "4.5"]
[White "Sibashvili, Giorgi"]
[Black "Caputcuoglu, Zeki Berke"]
[Result "1-0"]
[WhiteElo "2389"]
[BlackElo "2010"]
[Annotator "NA"]
[PlyCount "71"]
[EventDate "2019.07.29"]
[EventType "schev"]
[EventCountry "TUR"]
[SourceTitle "playchess.com"]
[Source "ChessBase"]
[SourceQuality "1"]
[TimeControl "5400+30"]

1. d4 {[%emt 0:07:30]} Nf6 {[%emt 0:00:30]} 2. c4 {[%emt 0:04:30]} g6 {[%emt 0:00:30]} 3. Nf3 {[%emt 0:00:00]} Bg7 {[%emt 0:00:00]} 4. g3 {[%emt 0:00:00]} O-O {[%emt 0:00:00]} 5. Bg2 {[%emt 0:00:00]} d6 {[%emt 0:00:30]} 6. O-O {[%emt 0:00:00]} c6 {[%emt 0:00:30]} 7. Nc3 {[%emt 0:01:30]} Qa5 {[%emt 0:00:30]} 8. h3 {[%emt 0:01:30]} e5 {[%emt 0:00:00]} 9. e4 {[%emt 0:00:30]} Nbd7 {[%emt 0:00:00]} 10. Be3 {[%emt 0:01:30]} exd4 {[%emt 0:01:30]} 11. Nxd4 {[%emt 0:00:30]} Nb6 {[%emt 0:01:30]} 12. Nb3 {[%emt 0:06:30]} Qh5 {[%emt 0:01:30]} 13. Qxh5 {[%emt 0:04:30]} Nxh5 {[%emt 0:00:30]} 14. Na5 {[%emt 0:00:30]} Be6 {[%emt 0:03:30]} 15. c5 {[%emt 0:01:30]} Nc4 {[%emt 0:06:30]} 16. Nxc4 {[%emt 0:00:30]} Bxc4 {[%emt 0:00:00]} 17. Rfd1 {[%emt 0:00:30]} dxc5 {[%emt 0:00:00]} 18. g4 {[%emt 0:00:30]} Nf6 {[%emt 0:00:30]} 19. Bxc5 {[%emt 0:00:00]} Rfd8 {[%emt 0:00:30]} 20. f4 {[%emt 0:06:00]} Ne8 {[%emt 0:10:30]} 21. Be7 {[%emt 0:08:30]} Rd4 {[%emt 0:16:30]} 22. Kf2 {[%emt 0:17:30]} Nc7 {[%emt 0:11:30]} 23. Ke3 {[%emt 0:05:30]} Rxd1 {[%emt 0:02:30]} 24. Rxd1 {[%emt 0:02:30]} Bxc3 {[%emt 0:00:30]} 25. bxc3 {[%emt 0:00:00]} Bxa2 {[%emt 0:00:30]} 26. Rd7 {[%emt 0:01:00]} Rc8 {[%emt 0:00:00]} 27. f5 {[%emt 0:03:30]} b6 {[%emt 0:13:00]} 28. Bf1 {[%emt 0:02:30]} a5 {[%emt 0:13:52]} 29. Bd8 {[%emt 0:02:30]} Nb5 {[%emt 0:00:22]} 30. Bxb6 {[%emt 0:01:30]} a4 {[%emt 0:00:35]} 31. c4 {[%emt 0:02:30]} Na3 {[%emt 0:00:43]} 32. Kd4 {[%emt 0:00:30]} Bb3 {[%emt 0:02:39]} 33. Kc3 {[%emt 0:00:30]} Ra8 {[%emt 0:01:53]} 34. Bd3 {[%emt 0:00:56]} Rb8 {[%emt 0:02:12]} 35. Ba7 {[%emt 0:01:24]} Ra8 {[%emt 0:01:15]} 36. Bc5 {[%emt 0:00:37]} 1-0

[Event "IM Marmaris Karia VIII 2019"]
[Site "Marmaris"]
[Date "2019.07.28"]
[Round "5.1"]
[White "Dedebas, Emre Emin"]
[Black "Rzayev, Bahruz"]
[Result "0-1"]
[WhiteElo "2301"]
[BlackElo "2340"]
[Annotator "NA"]
[PlyCount "138"]
[EventDate "2019.07.29"]
[EventType "schev"]
[EventCountry "TUR"]
[SourceTitle "playchess.com"]
[Source "ChessBase"]
[SourceQuality "1"]
[TimeControl "5400+30"]

1. d4 {[%emt 0:01:30]} Nf6 {[%emt 0:00:30]} 2. Nf3 {[%emt 0:00:00]} c5 {[%emt 0:00:30]} 3. d5 {[%emt 0:00:00]} b5 {[%emt 0:00:00]} 4. Bg5 {[%emt 0:00:30]} Qb6 {[%emt 0:00:00]} 5. e3 {[%emt 0:00:00]} Bb7 {[%emt 0:00:00]} 6. Nc3 {[%emt 0:02:00]} b4 {[%emt 0:01:00]} 7. Na4 {[%emt 0:00:30]} Qa5 {[%emt 0:00:30]} 8. Bxf6 {[%emt 0:00:30]} exf6 {[%emt 0:08:30]} 9. c3 {[%emt 0:00:00]} d6 {[%emt 0:01:30]} 10. Be2 {[%emt 0:12:00]} Be7 {[%emt 0:06:30]} 11. O-O {[%emt 0:00:30]} f5 {[%emt 0:03:30]} 12. Qb3 {[%emt 0:12:30]} O-O {[%emt 0:06:30]} 13. a3 {[%emt 0:03:30]} Rc8 {[%emt 0:07:30]} 14. axb4 {[%emt 0:07:30]} cxb4 {[%emt 0:00:30]} 15. Rfd1 {[%emt 0:00:00]} Na6 {[%emt 0:02:30]} 16. Bxa6 {[%emt 0:14:00]} Bxa6 {[%emt 0:00:00]} 17. cxb4 {[%emt 0:00:30]} Qb5 {[%emt 0:04:00]} 18. Nd4 {[%emt 0:06:30]} Qc4 {[%emt 0:00:30]} 19. Qxc4 {[%emt 0:06:30]} Bxc4 {[%emt 0:00:30]} 20. Nxf5 {[%emt 0:06:30]} Bf8 {[%emt 0:00:00]} 21. Nc3 {[%emt 0:05:30]} Rab8 {[%emt 0:00:00]} 22. Ne4 {[%emt 0:03:47]} Bb3 {[%emt 0:03:30]} 23. Rd4 {[%emt 0:02:45]} Rc4 {[%emt 0:04:30]} 24. Nd2 {[%emt 0:14:25]} Rxd4 {[%emt 0:00:30]} 25. Nxd4 {[%emt 0:00:30]} Bxd5 {[%emt 0:01:30]} 26. b5 {[%emt 0:00:30]} Rb7 {[%emt 0:00:00]} 27. f3 {[%emt 0:00:04]} g6 {[%emt 0:01:00]} 28. Ra5 {[%emt 0:00:39]} Be6 {[%emt 0:02:30]} 29. Ne4 {[%emt 0:00:32]} d5 {[%emt 0:00:30]} 30. Nc3 {[%emt 0:00:43]} Bb4 {[%emt 0:00:30]} 31. Ra6 {[%emt 0:00:42]} Bc5 {[%emt 0:01:30]} 32. Rc6 {[%emt 0:00:28]} Bb6 {[%emt 0:00:00]} 33. Kf2 {[%emt 0:00:45]} Bd7 {[%emt 0:00:00]} 34. Rd6 {[%emt 0:00:08]} Bxd4 {[%emt 0:00:30]} 35. exd4 {[%emt 0:00:36]} Bxb5 {[%emt 0:00:00]} 36. Nxd5 {[%emt 0:00:43]} Bc4 {[%emt 0:00:00]} 37. Ne3 {[%emt 0:00:00]} Rxb2+ {[%emt 0:00:30]} 38. Kg3 {[%emt 0:00:38]} Bb5 {[%emt 0:02:30]} 39. Rd8+ {[%emt 0:00:30]} Kg7 {[%emt 0:00:30]} 40. Rb8 {[%emt 0:00:30]} a6 {[%emt 0:00:30]} 41. h4 {[%emt 0:00:00]} Rd2 {[%emt 0:00:30]} 42. d5 {[%emt 0:00:24]} Rd4 {[%emt 0:00:30]} 43. Rb6 {[%emt 0:00:42]} h5 {[%emt 0:02:30]} 44. f4 {[%emt 0:00:36]} Bd3 {[%emt 0:00:30]} 45. Rb7 {[%emt 0:00:41]} a5 {[%emt 0:00:30]} 46. Ra7 {[%emt 0:00:45]} a4 {[%emt 0:00:30]} 47. Ra5 {[%emt 0:00:32]} Be4 {[%emt 0:00:30]} 48. f5 {[%emt 0:00:15]} gxf5 {[%emt 0:01:30]} 49. Ra6 {[%emt 0:00:14]} Bd3 {[%emt 0:00:30]} 50. Ra5 {[%emt 0:00:39]} Kg6 {[%emt 0:01:30]} 51. Kf3 {[%emt 0:00:35]} f6 {[%emt 0:00:30]} 52. g3 {[%emt 0:00:25]} Bb1 {[%emt 0:02:30]} 53. Ke2 {[%emt 0:00:36]} Be4 {[%emt 0:01:30]} 54. Ra7 {[%emt 0:00:29]} Rb4 {[%emt 0:01:30]} 55. Kd2 {[%emt 0:00:36]} Rb2+ {[%emt 0:00:30]} 56. Ke1 {[%emt 0:00:27]} Bf3 {[%emt 0:02:30]} 57. Kf1 {[%emt 0:00:27]} Be2+ {[%emt 0:00:00]} 58. Kf2 {[%emt 0:00:29]} Bb5+ {[%emt 0:02:00]} 59. Kg1 {[%emt 0:00:41]} Rb3 {[%emt 0:00:30]} 60. Kf2 {[%emt 0:00:11]} a3 {[%emt 0:00:30]} 61. Ng2 {[%emt 0:00:20]} Rb2+ {[%emt 0:01:30]} 62. Kf3 {[%emt 0:00:05]} a2 {[%emt 0:00:30]} 63. Nf4+ {[%emt 0:00:06]} Kh6 {[%emt 0:00:30]} 64. d6 {[%emt 0:00:28]} Bc4 {[%emt 0:00:30]} 65. Ke3 {[%emt 0:01:46]} Rb6 {[%emt 0:00:00]} 66. d7 {[%emt 0:00:35]} Rd6 {[%emt 0:00:00]} 67. Ne2 {[%emt 0:00:42]} Rxd7 {[%emt 0:00:00]} 68. Ra4 {[%emt 0:00:07]} Re7+ {[%emt 0:00:00]} 69. Kd4 {[%emt 0:00:08]} Rxe2 {[%emt 0:00:30]} 0-1

[Event "IM Marmaris Karia VIII 2019"]
[Site "Marmaris"]
[Date "2019.07.28"]
[Round "5.2"]
[White "Abdulla, Khayala"]
[Black "Maghalashvili, Davit"]
[Result "0-1"]
[WhiteElo "2283"]
[BlackElo "2485"]
[Annotator "ChessBase"]
[PlyCount "102"]
[EventDate "2019.07.29"]
[EventType "schev"]
[EventCountry "TUR"]
[SourceTitle "playchess.com"]
[Source "ChessBase"]
[SourceQuality "1"]
[TimeControl "5400+30"]

1. e4 {[%emt 0:00:30]} c5 {[%emt 0:00:30]} 2. c3 {[%emt 0:00:00]} Nf6 {[%emt 0:00:00]} 3. e5 {[%emt 0:00:00]} Nd5 {[%emt 0:00:00]} 4. Nf3 {[%emt 0:00:30]} Nc6 {[%emt 0:00:30]} 5. Bc4 {[%emt 0:00:00]} Nb6 {[%emt 0:01:30]} 6. Bb3 {[%emt 0:04:00]} d5 {[%emt 0:00:00]} 7. exd6 {[%emt 0:00:00]} Qxd6 {[%emt 0:01:00]} 8. Na3 {[%emt 0:00:00]} a6 {[%emt 0:01:30]} 9. O-O {[%emt 0:05:30]} Bf5 {[%emt 0:09:30]} 10. Bxf7+ {[%emt 0:24:30]} Kxf7 {[%emt 0:00:30]} 11. Qb3+ {[%emt 0:00:30]} Nd5 {[%emt 0:00:30]} 12. Nc4 {[%emt 0:02:30]} Qd8 {[%emt 0:01:30]} 13. Qxb7 {[%emt 0:04:30]} Rc8 {[%emt 0:01:30]} 14. g4 {[%emt 0:03:30]} Bd7 {[%emt 0:07:30]} 15. Nfe5+ {[%emt 0:07:30]} Ke8 {[%emt 0:03:30]} 16. Re1 {[%emt 0:00:00]} e6 {[%emt 0:02:30]} 17. d3 {[%emt 0:05:00]} Nxe5 {[%emt 0:03:30]} 18. Rxe5 {[%emt 0:04:30]} Be7 {[%emt 0:00:30]} 19. Bg5 {[%emt 0:04:30]} Bxg5 {[%emt 0:00:00]} 20. Qxd5 {[%emt 0:08:30]} Be7 {[%emt 0:15:00]} 21. Qf3 {[%emt 0:04:33]} Rf8 {[%emt 0:06:30]} 22. Qh3 {[%emt 0:00:46]} Kf7 {[%emt 0:01:30]} 23. Qxh7 {[%emt 0:02:57]} Rh8 {[%emt 0:00:00]} 24. Qe4 {[%emt 0:06:05]} Bf6 {[%emt 0:03:00]} 25. Nd6+ {[%emt 0:01:11]} Kf8 {[%emt 0:10:30]} 26. Nxc8 {[%emt 0:00:34]} Bxe5 {[%emt 0:00:30]} 27. Qxe5 {[%emt 0:00:13]} Qxc8 {[%emt 0:00:30]} 28. Re1 {[%emt 0:00:15]} Qc6 {[%emt 0:02:30]} 29. Re4 {[%emt 0:01:12]} Rh3 {[%emt 0:01:30]} 30. d4 {[%emt 0:02:56]} Rd3 {[%emt 0:03:30]} 31. Rf4+ {[%emt 0:02:51]} Kg8 {[%emt 0:00:30]} 32. Qe2 {[%emt 0:00:56]} Qb5 {[%emt 0:00:30]} 33. Qc2 {[%emt 0:01:34]} c4 {[%emt 0:01:30]} 34. h4 {[%emt 0:03:31]} Qd5 {[%emt 0:01:30]} 35. Qe2 {[%emt 0:00:36]} Rh3 {[%emt 0:00:30]} 36. f3 {[%emt 0:00:27]} Rxh4 {[%emt 0:01:30]} 37. Re4 {[%emt 0:00:55]} Qg5 {[%emt 0:00:00]} 38. Qf2 {[%emt 0:00:44]} Qh6 {[%emt 0:01:00]} 39. Qg3 {[%emt 0:00:14]} Rh1+ {[%emt 0:00:30]} 40. Kg2 {[%emt 0:00:31]} Qc1 {[%emt 0:00:30]} 41. Qf2 {[%emt 0:00:19]} Bc6 {[%emt 0:00:30]} 42. Re3 {[%emt 0:00:57]} Bd5 {[%emt 0:00:30]} 43. a3 {[%emt 0:00:37]} g5 {[%emt 0:01:30]} 44. Kg3 {[%emt 0:00:28]} Rf1 {[%emt 0:00:30]} 45. Qe2 {[%emt 0:00:26]} Rg1+ {[%emt 0:00:30]} 46. Kf2 {[%emt 0:00:35]} Rh1 {[%emt 0:00:00]} 47. Kg3 {[%emt 0:00:13]} Rg1+ {[%emt 0:01:00]} 48. Kf2 {[%emt 0:00:16]} Rd1 {[%emt 0:00:30]} 49. Kg3 {[%emt 0:00:42]} Rd2 {[%emt 0:00:00]} 50. Qe1 {[%emt 0:00:17]} Qxe1+ {[%emt 0:00:00]} 51. Rxe1 {[%emt 0:00:02]} Kg7 {[%emt 0:00:30]} 0-1

[Event "IM Marmaris Karia VIII 2019"]
[Site "Marmaris"]
[Date "2019.07.28"]
[Round "5.3"]
[White "Karaoglan, Doruk"]
[Black "Benidze, Davit"]
[Result "0-1"]
[WhiteElo "2278"]
[BlackElo "2469"]
[Annotator "ChessBase"]
[PlyCount "104"]
[EventDate "2019.07.29"]
[EventType "schev"]
[EventCountry "TUR"]
[SourceTitle "playchess.com"]
[Source "ChessBase"]
[SourceQuality "1"]
[TimeControl "5400+30"]

1. e4 {[%emt 0:00:30]} g6 {[%emt 0:00:30]} 2. d4 {[%emt 0:00:00]} Bg7 {[%emt 0:00:00]} 3. Nc3 {[%emt 0:00:00]} c6 {[%emt 0:00:00]} 4. Nf3 {[%emt 0:00:00]} d5 {[%emt 0:00:00]} 5. h3 {[%emt 0:00:00]} Nh6 {[%emt 0:01:00]} 6. Bd3 {[%emt 0:00:30]} O-O {[%emt 0:01:30]} 7. O-O {[%emt 0:01:30]} f6 {[%emt 0:00:30]} 8. exd5 {[%emt 0:01:30]} cxd5 {[%emt 0:00:00]} 9. Ne2 {[%emt 0:00:30]} Nc6 {[%emt 0:00:00]} 10. c4 {[%emt 0:01:30]} Nb4 {[%emt 0:01:30]} 11. cxd5 {[%emt 0:01:30]} Nxd3 {[%emt 0:00:30]} 12. Qxd3 {[%emt 0:00:30]} Qxd5 {[%emt 0:00:00]} 13. Nc3 {[%emt 0:00:30]} Qf7 {[%emt 0:00:00]} 14. Bf4 {[%emt 0:06:30]} Rd8 {[%emt 0:00:30]} 15. Qb5 {[%emt 0:08:30]} Nf5 {[%emt 0:06:30]} 16. Rad1 {[%emt 0:05:30]} h5 {[%emt 0:01:30]} 17. Bc7 {[%emt 0:19:30]} Rd7 {[%emt 0:11:30]} 18. Bh2 {[%emt 0:01:30]} Nd6 {[%emt 0:02:30]} 19. Qb3 {[%emt 0:08:30]} Qxb3 {[%emt 0:04:30]} 20. axb3 {[%emt 0:00:00]} b6 {[%emt 0:01:30]} 21. Rfe1 {[%emt 0:06:00]} Nf5 {[%emt 0:05:30]} 22. d5 {[%emt 0:20:52]} Bb7 {[%emt 0:01:30]} 23. Re2 {[%emt 0:01:28]} Rad8 {[%emt 0:00:00]} 24. Red2 {[%emt 0:01:13]} Kf7 {[%emt 0:05:00]} 25. b4 {[%emt 0:03:20]} a6 {[%emt 0:05:30]} 26. Ne1 {[%emt 0:03:03]} Nd6 {[%emt 0:00:30]} 27. Bxd6 {[%emt 0:00:00]} Rxd6 {[%emt 0:00:30]} 28. Nc2 {[%emt 0:00:59]} f5 {[%emt 0:00:30]} 29. Ne3 {[%emt 0:00:36]} b5 {[%emt 0:01:30]} 30. Ne2 {[%emt 0:02:16]} Bh6 {[%emt 0:00:00]} 31. f4 {[%emt 0:01:49]} h4 {[%emt 0:00:00]} 32. Kf2 {[%emt 0:00:48]} Kf6 {[%emt 0:00:00]} 33. Rd4 {[%emt 0:04:16]} e6 {[%emt 0:00:00]} 34. Ng1 {[%emt 0:00:42]} exd5 {[%emt 0:00:30]} 35. Nf3 {[%emt 0:00:41]} Bg7 {[%emt 0:00:30]} 36. Nxh4 {[%emt 0:00:10]} Kf7 {[%emt 0:00:30]} 37. R4d2 {[%emt 0:00:30]} d4 {[%emt 0:01:30]} 38. Nf1 {[%emt 0:00:30]} d3 {[%emt 0:00:30]} 39. Nf3 {[%emt 0:00:30]} Bxf3 {[%emt 0:00:00]} 40. Kxf3 {[%emt 0:00:13]} Rd4 {[%emt 0:00:00]} 41. Ke3 {[%emt 0:00:06]} Rxb4 {[%emt 0:00:30]} 42. Rxd3 {[%emt 0:00:30]} Rxd3+ {[%emt 0:00:30]} 43. Rxd3 {[%emt 0:00:02]} Rxb2 {[%emt 0:00:00]} 44. Rd7+ {[%emt 0:00:45]} Kf8 {[%emt 0:00:00]} 45. g4 {[%emt 0:00:45]} fxg4 {[%emt 0:00:30]} 46. hxg4 {[%emt 0:00:39]} a5 {[%emt 0:00:30]} 47. f5 {[%emt 0:00:02]} gxf5 {[%emt 0:01:30]} 48. gxf5 {[%emt 0:00:30]} a4 {[%emt 0:00:30]} 49. Ra7 {[%emt 0:00:32]} Rb4 {[%emt 0:00:00]} 50. Kf3 {[%emt 0:01:52]} Bb2 {[%emt 0:02:00]} 51. Ng3 {[%emt 0:00:06]} a3 {[%emt 0:00:30]} 52. Ne4 {[%emt 0:00:21]} Ra4 0-1

[Event "IM Marmaris Karia VIII 2019"]
[Site "Marmaris"]
[Date "2019.07.28"]
[Round "5.4"]
[White "Yazici, Ugur Doga"]
[Black "Sibashvili, Giorgi"]
[Result "0-1"]
[WhiteElo "2143"]
[BlackElo "2389"]
[Annotator "NA"]
[PlyCount "60"]
[EventDate "2019.07.29"]
[EventType "schev"]
[EventCountry "TUR"]
[SourceTitle "playchess.com"]
[Source "ChessBase"]
[SourceQuality "1"]
[TimeControl "5400+30"]

1. e4 {[%emt 0:00:30]} e6 {[%emt 0:09:30]} 2. d4 {[%emt 0:00:00]} d5 {[%emt 0:00:00]} 3. Nc3 {[%emt 0:00:00]} Bb4 {[%emt 0:00:00]} 4. exd5 {[%emt 0:00:30]} exd5 {[%emt 0:00:30]} 5. Bd3 {[%emt 0:00:00]} Nc6 {[%emt 0:06:30]} 6. a3 {[%emt 0:00:00]} Bxc3+ {[%emt 0:01:30]} 7. bxc3 {[%emt 0:00:30]} Nge7 {[%emt 0:00:00]} 8. Qf3 {[%emt 0:00:30]} Be6 {[%emt 0:00:00]} 9. Rb1 {[%emt 0:00:30]} Na5 {[%emt 0:00:30]} 10. Ne2 {[%emt 0:00:30]} Qd7 {[%emt 0:04:30]} 11. Nf4 {[%emt 0:01:30]} Bg4 {[%emt 0:11:30]} 12. Qg3 {[%emt 0:03:30]} g6 {[%emt 0:08:30]} 13. Ne2 {[%emt 0:10:30]} O-O-O {[%emt 0:04:30]} 14. Bg5 {[%emt 0:01:30]} Rde8 {[%emt 0:04:30]} 15. f3 {[%emt 0:00:30]} Bf5 {[%emt 0:00:30]} 16. O-O {[%emt 0:15:30]} Nc4 {[%emt 0:04:30]} 17. Qf2 {[%emt 0:02:30]} h6 {[%emt 0:09:30]} 18. Bc1 {[%emt 0:01:30]} g5 {[%emt 0:02:30]} 19. Ng3 {[%emt 0:00:30]} Bg6 {[%emt 0:00:30]} 20. Bxc4 {[%emt 0:01:30]} dxc4 {[%emt 0:00:00]} 21. Ne4 {[%emt 0:00:30]} Qc6 {[%emt 0:01:00]} 22. d5 {[%emt 0:03:30]} Nxd5 {[%emt 0:02:30]} 23. Qxa7 {[%emt 0:00:30]} b6 {[%emt 0:00:30]} 24. Qa6+ {[%emt 0:00:30]} Kb8 {[%emt 0:00:30]} 25. a4 {[%emt 0:00:30]} Bxe4 {[%emt 0:00:30]} 26. fxe4 {[%emt 0:00:30]} Nxc3 {[%emt 0:00:30]} 27. Be3 {[%emt 0:00:30]} Nxb1 {[%emt 0:00:30]} 28. Rxb1 {[%emt 0:00:30]} Qb7 {[%emt 0:00:30]} 29. Qxc4 {[%emt 0:00:30]} Qxe4 {[%emt 0:00:30]} 30. Bd4 {[%emt 0:00:30]} Rd8 {[%emt 0:00:30]} 0-1

[Event "IM Marmaris Karia VIII 2019"]
[Site "Marmaris"]
[Date "2019.07.28"]
[Round "5.5"]
[White "Caputcuoglu, Zeki Berke"]
[Black "Odeev, Handszar"]
[Result "1/2-1/2"]
[WhiteElo "2010"]
[BlackElo "2360"]
[Annotator "NA"]
[PlyCount "39"]
[EventDate "2019.07.29"]
[EventType "schev"]
[EventCountry "TUR"]
[SourceTitle "playchess.com"]
[Source "ChessBase"]
[SourceQuality "1"]
[TimeControl "5400+30"]

1. Nf3 {[%emt 0:00:30]} c5 {[%emt 0:05:30]} 2. c4 {[%emt 0:00:30]} Nc6 {[%emt 0:00:30]} 3. d4 {[%emt 0:00:00]} cxd4 {[%emt 0:00:30]} 4. Nxd4 {[%emt 0:00:00]} Qb6 {[%emt 0:10:30]} 5. Nc2 {[%emt 0:02:30]} Nf6 {[%emt 0:12:30]} 6. Nc3 {[%emt 0:04:30]} e6 {[%emt 0:00:30]} 7. g3 {[%emt 0:01:30]} Ne5 {[%emt 0:01:30]} 8. b3 {[%emt 0:08:30]} Qc6 {[%emt 0:00:30]} 9. f3 {[%emt 0:03:30]} Bc5 {[%emt 0:18:30]} 10. Be3 {[%emt 0:08:30]} d5 {[%emt 0:14:30]} 11. cxd5 {[%emt 0:06:30]} exd5 {[%emt 0:00:30]} 12. Bxc5 {[%emt 0:02:30]} Qxc5 {[%emt 0:00:30]} 13. Qd4 {[%emt 0:00:30]} Qe7 {[%emt 0:00:30]} 14. Bg2 {[%emt 0:00:30]} Bh3 {[%emt 0:08:30]} 15. O-O {[%emt 0:01:30]} Bxg2 {[%emt 0:00:30]} 16. Kxg2 {[%emt 0:00:30]} Nc6 {[%emt 0:02:44]} 17. Qd2 {[%emt 0:01:30]} O-O {[%emt 0:00:47]} 18. Rad1 {[%emt 0:05:30]} Rfe8 {[%emt 0:01:00]} 19. Rfe1 {[%emt 0:00:30]} Rac8 {[%emt 0:03:02]} 20. e3 {[%emt 0:05:30]} 1/2-1/2

[Event "IM Marmaris Karia VIII 2019"]
[Site "Marmaris"]
[Date "2019.07.28"]
[Round "6.1"]
[White "Maghalashvili, Davit"]
[Black "Dedebas, Emre Emin"]
[Result "1-0"]
[WhiteElo "2485"]
[BlackElo "2301"]
[Annotator "TA"]
[PlyCount "89"]
[EventDate "2019.07.29"]
[EventType "schev"]
[EventCountry "TUR"]
[SourceTitle "playchess.com"]
[Source "ChessBase"]
[SourceQuality "1"]

{[%evp 24,89,27,26,23,22,18,8,16,11,17,17,15,15,15,17,14,10,8,8,10,3,7,0,0,0,0,0,31,29,41,0,79,30,104,106,125,127,119,118,118,127,253,253,406,181,364,364,29964,407,29966,29968,29979,29966,29964,29965,29977,29978,29980,29976,29981,29982,29982,29979,29983,29984,29984,235]} 1. Nf3 d5 2. g3 Nf6 3. Bg2 e6 4. c4 Be7 5. O-O O-O 6. b3 c5 7. cxd5 Nxd5 8. Bb2 Nc6 9. d4 cxd4 10. Nxd4 Bd7 11. Na3 Bf6 12. Nc4 ({Predecessor:} 12. Rc1 Rc8 13. Nc4 Nxd4 14. Bxd4 {½-½ (28) Molzahn,N (2311)-Bennett,C (2338) ICCF email 2014}) 12... Nxd4 13. Bxd4 Bb5 $146 {A14: English Opening: 1...e6 with b3 by White} (13... Bc6 14. Ne5 Rc8 15. Rc1 Bxe5 16. Bxe5 Qa5 17. Ba1 Qxa2 18. e4 Ne7 19. Qg4 e5 20. Bxe5 Ng6 21. Bd6 {½-½ (37) Grischuk,A (2761)-Karjakin,S (2781) Paris 2017}) 14. Rc1 Rc8 15. Bxf6 Qxf6 {The position is equal.} 16. Bxd5 Rcd8 {[%mdl 64] Pin} 17. e4 exd5 18. exd5 Qg5 $1 19. d6 Qf6 20. Re1 Bxc4 21. Rxc4 {d7 is the strong threat.} Rxd6 22. Qc2 g6 23. Rc7 Rfd8 24. Rxb7 Rd2 {( -> ...Qxf2+)} 25. Qc5 Rxa2 (25... h5 $5 {[%cal Rh5h4]}) 26. Rxa7 Rb2 27. Rae7 {Intending Re8+ and mate.} Kg7 (27... h5 $11 {remains equal.}) 28. Re8 {[%csl Ge8][%cal Rc5f8]} (28. R1e6 $5 Qd4 29. Qxd4+ Rxd4 30. Re3 $14) 28... Qd6 (28... Rd6 $11) 29. Qc3+ $16 Qd4 30. Qxb2 $1 Qxb2 31. Rxd8 Qxb3 {[%mdl 4096] Endgame KQ-KRR} 32. Rd7 Kh6 (32... g5 $16) 33. Ree7 $18 f5 $2 (33... g5 34. Rxf7 Kg6) 34. Rxh7+ Kg5 {intending ...Qb1+.} 35. Rd4 Qf3 $2 (35... Kf6 $18 36. Rd6+ Ke5) 36. h4+ Kf6 37. Rhd7 {White mates.} Ke5 38. Rd3 Qc6 {[#]} 39. R7d6 $1 Qc1+ (39... Qxd6 40. Rxd6) 40. Kg2 Qc2 41. R3d5+ Ke4 42. Rd2 {[%cal Rd6e6]} Qc4 43. Rxg6 Ke5 44. f4+ Ke4 45. Rgd6 {Played: Rg6-e6} 1-0